000 00305 a2200133 4500
001 89208
082 _a813.54 STE
090 _c42159
_d42159
100 _aSteel, Danielle
245 _aFriends forever
260 _aLondon
_bBantam Press
_c2012
300 _a308 p.
740 _aenglish novel;fiction
942 _aCAE NUST
_k813.54 STE
999 _c324281
_d324281